Word Ladder: Love All Quiz Stats

 Plays Quiz Updated Jun 23, 2016

Challenge
Share
Tweet
Embed
Score 0/22 Timer 02:00
5 Plays Today
% Correct
**LOVE**
99.7%
**LOVE**
99.7%
**BALL**
96.6%
**BALL**
96.6%
DOVE
96%
BALE
94%
BULL
92.3%
BELL
91.3%
**LOST**
91.2%
GULL
90.8%
BELT
88.6%
% Correct
GALE
87%
PALE
86%
**GAME**
84.8%
BEST
84.3%
GALL
83.3%
PALL
82.3%
LEST
81.9%
LAVE
81.1%
DALE
80.5%
DOLE
80.4%
PAVE
79.9%

Today's Daily Dose

You're not logged in!

Compare scores with friends on all Sporcle quizzes.
Join for Free
OR
Log In

You Might Also Like...

Show Comments

Extras

Top Quizzes Today


Score Distribution

Your Account Isn't Verified!

In order to create a playlist on Sporcle, you need to verify the email address you used during registration. Go to your Sporcle Settings to finish the process.

Report this User

Report this user for behavior that violates our Community Guidelines.

Details: